| 000 | 02205nam a2200349 i 4500 | ||
|---|---|---|---|
| 001 | on1151892508 | ||
| 003 | OCoLC | ||
| 005 | 20250616110343.0 | ||
| 008 | 200609t20202020enk b 001 p eng | ||
| 010 | _a2020026294 | ||
| 015 |
_aGBC0D8027 _2bnb |
||
| 016 | 7 |
_a019937140 _2Uk |
|
| 020 |
_a9781108490399 _qhardback |
||
| 035 |
_a(OCoLC)1151892508 _z(OCoLC)1199340104 |
||
| 040 |
_aICU/DLC _beng _erda _cDLC _dYDX _dERASA _dOCLCO _dBDX _dOCLCF _dUKMGB _dYDX _dQGK _dEAU _dUOH |
||
| 041 | _aeng | ||
| 042 | _apcc | ||
| 050 | 0 | 0 |
_aPR2848.A2 _bE36 2020 |
| 100 |
_aShakespeare, William _d1564-1616 _eauthor. _922390 |
||
| 240 | 1 | 0 | _aSonnets. |
| 245 | 1 | 0 |
_aAll the sonnets of Shakespeare _c/ edited by Paul Edmondson, The Shakespeare Birthplace Trust, Stanley Wells, The Shakespeare Birthplace Trust. |
| 264 | 1 |
_aCambridge, UK ; _aNew York, NY : _bCambridge University Press, _c2020. |
|
| 300 |
_avii, 299 pages ; _c22 cm. |
||
| 504 | _aIncludes bibliographical references and indexes. | ||
| 520 |
_aHow can we look afresh at Shakespeare as a writer of sonnets? What new light might they shed on his career, personality, and sexuality? Shakespeare wrote sonnets for at least thirty years, not only for himself, for professional reasons, and for those he loved, but also in his plays, as prologues, as epilogues, and as part of their poetic texture. This ground-breaking book assembles all of Shakespeare's sonnets in their probable order of composition. An inspiring introduction debunks long-established biographical myths about Shakespeare's sonnets and proposes new insights about how and why he wrote them. Explanatory notes and modern English paraphrases of every poem and dramatic extract illuminate the meaning of these sometimes challenging but always deeply rewarding witnesses to Shakespeare's inner life and professional expertise. Beautifully printed and elegantly presented, this volume will be treasured by students, scholars, and every Shakespeare enthusiast. _cProvided by publisher. |
||
| 650 | 0 |
_aSonnets, English. _925429 |
|
| 655 | 0 |
_aPoetry _923162 |
|
| 655 | 0 |
_aSonnets. _925430 |
|
| 700 |
_aEdmondson, Paul, _eeditor. _925431 |
||
| 700 |
_aWells, Stanley _d1930- _eeditor. |
||
| 942 | _2lcc | ||
| 999 |
_c4737 _d4737 |
||